000 00893nam a2200241 i 4500
001 95083
003 ES-MaACL
005 20250404194134.0
007 t|
008 050523q1951 sp ||||1| spa d
100 1 _aLudwig, Emil.
_974618
245 1 0 _aFreud /
_cEmil Ludwig; [traducción del inglés por Victor Sholz].
260 _aBarcelona :
_bMateu,
_c[1951?]
300 _a260 p. ;
_c21 cm.
600 1 4 _952547
_aFreud, Sigmund,
_d1856-1939
650 4 _916530
_aPsicoanálisis
700 1 _aScholz, Víctor.
_9104643
852 _aES-MaACL
_jD-6570
_bR.31548
_bR.M.6161
_998613
_cSVI
_fSello en tinta azul de la Biblioteca del Ateneo de Madrid
_xEncuadernación en tela azul
942 _2udc
_cMONOGRAFIA
999 _c95083
_d95083